000 00469nam a2200193 a 4500
001 5216
003 CO-ViMGA
008 141112s2004 ck r 000 u spa d
040 _aCO-ViMGA
_bspa
_cCO-ViMGA
082 0 4 _aWESc
100 1 _aWest, Colin
_93535
245 1 0 _aEl castillo del rey sisebuto
250 _a4a
260 _aMadrid :
_bAnaya,
_c1995
300 _a(126) : il
490 _aFácil de leer
650 1 4 _aCUENTOS INFANTILES
_92743
942 _2ddc
_cBK
999 _c17215
_d17215